01003nam a2200301 a 450000100060000000300080000600500170001400800410003102000150007203500190008704000370010604100080014306000220015108200260017310000310019924500850023025000120031526000390032730000260036649000850039250400380047765000350051565000370055065000400058765000170062765000330064470000240067749568BD-RjUL20211209054709.0160821s1972 enk b 001 0 eng  a0080168477 a(BD-RjUL)49687 aDLCcDLCdNLMdEQOdBD-RjULbeng aeng00aW 322bP957s 1972 a361.942223bPRS 19721 aPrins, Herschel A. d1928-10aSocial work and medical practice /cby Herschel A. Prins and Marion B. H. Whyte. a1st ed. aNew York :bPergamon Press,cc1972 axiii, 81 p. ;c21 cm.0 aThe Commonwealth and international library. Problems and progress in development aIncludes bibliographies and index 0aSocial servicezGreat Britain. 0aSocial case workzGreat Britain. 0aMedical social workzGreat Britain. 2aSocial Work. 2aPhysician-Patient Relations.1 aWhyte, Marion B. H.